Normal view
MARC view
- إعداد الدخيل محمد ماجد مجلي
Entry Personal Name
001 - CONTROL NUMBER
- control field: 10882
003 - CONTROL NUMBER IDENTIFIER
- control field: JO-AjAnu
005 - DATE AND TIME OF LATEST TRANSACTION
- control field: 20230606072039.0
008 - FIXED-LENGTH DATA ELEMENTS
- fixed length control field: 230606|| aca||aabn | a|a d
040 ## - CATALOGING SOURCE
- Original cataloging agency: JO-AjAnu
- Transcribing agency: JO-AjAnu
100 ## - HEADING--PERSONAL NAME
- Personal name: إعداد الدخيل محمد ماجد مجلي
670 ## - SOURCE DATA FOUND
- Source citation: Work cat.: (JO-AjAnu)5604: إعداد الدخيل محمد ماجد مجلي, author, الصورة الفنية في الشعر الأندلسي: شعر الأعمى التطيلي (ت 525 هـ) أنموذجا